[Event "Natal-ch"]
[Site "Natal"]
[Date "2016.02.06"]
[Round "2"]
[White "Pinto, Rafael Henrique"]
[Black "Arruda Junior, Jair Jose"]
[Result "1-0"]
[WhiteElo "2045"]
[BlackElo "1567"]
[PlyCount "101"]
[EventDate "2016.02.06"]
[EventType "swiss"]
[EventRounds "6"]
[EventCountry "BRA"]
[SourceTitle "CBM 171 Extra"]
[Source "ChessBase"]
[SourceDate "2016.04.26"]
[SourceVersion "1"]
[SourceVersionDate "2016.04.26"]
[SourceQuality "1"]

1. e4 e5 2. Nf3 Nc6 3. d4 exd4 4. Nxd4 Bc5 5. Nb3 Bb6 6. Bd3 Nf6 7. c4 d6 8. Bg5 Ne5 9. Nc3 Nxd3+ 10. Qxd3 Bxf2+ 11. Kd2 h6 12. Bxf6 Qxf6 13. Raf1 Qg5+ 14. Kc2 Bb6 15. a4 Be6 16. g3 Bh3 17. Rf4 0-0 18. Qf3 Be6 19. Nd5 c6 20. h4 Qe5 21. Ne7+ Kh7 22. Qc3 Rae8 23. Nf5 Bxf5 24. Qxe5 Rxe5 25. exf5 Rfe8 26. Rd1 Bc7 27. Rd3 d5 28. Kc3 Re2 29. Rff3 dxc4 30. Kxc4 Rxb2 31. Rd7 Rc2+ 32. Kd3 Rb2 33. Nd4 Bb6 34. f6 Rd8 35. Rxf7 Rb3+ 36. Kc4 Rxf3 37. Nxf3 Kg6 38. Ne5+ Kf5 39. fxg7+ Kxe5 40. Rf8 Rd4+ 41. Kc3 Ba5+ 42. Kc2 Rc4+ 43. Kd1 Rd4+ 44. Ke2 Rd2+ 45. Kf3 Rd3+ 46. Kg2 Bb6 47. g8Q Rd2+ 48. Kh3 Bg1 49. Qg7+ Ke4 50. Qxh6 Rh2+ 51. Kg4 1-0

[Event "American Continental 10th"]
[Site "Praia da Pipa"]
[Date "2014.10.25"]
[Round "10"]
[White "Pinto, Rafael Henrique"]
[Black "Souza, Rafael Cabral de"]
[Result "0-1"]
[WhiteElo "2042"]
[BlackElo "2138"]
[PlyCount "90"]
[EventDate "2014.10.18"]
[EventType "swiss"]
[EventRounds "11"]
[EventCountry "BRA"]
[SourceTitle "EXT 2015"]
[Source "ChessBase"]
[SourceDate "2014.11.20"]
[SourceVersion "1"]
[SourceVersionDate "2014.11.20"]
[SourceQuality "1"]

1. d4 Nf6 2. c4 g6 3. g3 Bg7 4. Bg2 c5 5. d5 d6 6. Nc3 0-0 7. Nf3 e6 8. 0-0 exd5 9. cxd5 Re8 10. Nd2 b6 11. Nc4 Ba6 12. Qb3 Bxc4 13. Qxc4 a6 14. a4 b5 15. Qd3 b4 16. Nd1 Nbd7 17. Ne3 Ne5 18. Qc2 Nfg4 19. h3 Nxe3 20. Bxe3 b3 21. Qc1 Rb8 22. Bd2 Nd7 23. e4 Ne5 24. Bc3 Nd3 25. Qd2 Bxc3 26. Qxc3 Ne5 27. f4 Nd7 28. Rae1 f6 29. h4 Rb4 30. h5 Kg7 31. g4 Rxa4 32. Qxb3 Rb4 33. Qg3 Qb6 34. g5 fxg5 35. Qc3+ Rd4 36. e5 gxf4 37. e6 Ne5 38. Rxf4 Rxf4 39. Rxe5 Qb4 40. Re3+ Qxc3 41. bxc3 a5 42. hxg6 hxg6 43. Bf1 c4 44. Re1 a4 45. Rd1 Ra8 0-1

[Event "American Continental 10th"]
[Site "Praia da Pipa"]
[Date "2014.10.22"]
[Round "7"]
[White "De Freitas, Julio Eimard"]
[Black "Pinto, Rafael Henrique"]
[Result "0-1"]
[WhiteElo "1872"]
[BlackElo "2042"]
[PlyCount "90"]
[EventDate "2014.10.18"]
[EventType "swiss"]
[EventRounds "11"]
[EventCountry "BRA"]
[SourceTitle "EXT 2015"]
[Source "ChessBase"]
[SourceDate "2014.11.20"]
[SourceVersion "1"]
[SourceVersionDate "2014.11.20"]
[SourceQuality "1"]

1. d4 Nf6 2. c4 e6 3. Nc3 Bb4 4. a3 Bxc3+ 5. bxc3 c5 6. e3 Nc6 7. Bd3 0-0 8. Ne2 d6 9. 0-0 e5 10. f3 b6 11. e4 cxd4 12. cxd4 exd4 13. Bg5 Qe7 14. Ng3 h6 15. Bc1 Qe5 16. Bb2 Ba6 17. Nf5 Rac8 18. f4 Qe6 19. Qf3 Rfd8 20. Qg3 Ne8 21. Bxd4 Nxd4 22. Nxd4 Qf6 23. Nb5 Bxb5 24. cxb5 Qd4+ 25. Kh1 Nf6 26. Qf3 Rc3 27. Rad1 Kf8 28. Qe2 Rxa3 29. e5 Ne8 30. e6 fxe6 31. Qxe6 Rxd3 32. Qf5+ Nf6 33. Rxd3 Qc4 34. Rfd1 d5 35. g4 Kg8 36. g5 Ne4 37. Rd4 Qe2 38. Rxd5 Nf2+ 39. Kg1 Rf8 40. Qxf8+ Kxf8 41. Rd8+ Kf7 42. R1d7+ Kg6 43. Rd6+ Kf5 44. h3 Nxh3+ 45. Kh1 Nxf4 0-1

[Event "American Continental 10th"]
[Site "Praia da Pipa"]
[Date "2014.10.22"]
[Round "6"]
[White "Pinto, Rafael Henrique"]
[Black "Herman, Diego"]
[Result "0-1"]
[WhiteElo "2042"]
[BlackElo "2198"]
[PlyCount "94"]
[EventDate "2014.10.18"]
[EventType "swiss"]
[EventRounds "11"]
[EventCountry "BRA"]
[SourceTitle "EXT 2015"]
[Source "ChessBase"]
[SourceDate "2014.11.20"]
[SourceVersion "1"]
[SourceVersionDate "2014.11.20"]
[SourceQuality "1"]

1. d4 e6 2. c4 b6 3. e4 Bb7 4. Bd3 Bb4+ 5. Nc3 f5 6. Qh5+ g6 7. Qe2 Nf6 8. Bg5 h6 9. Bxf6 Qxf6 10. Nf3 0-0 11. e5 Qg7 12. a3 Bxc3+ 13. bxc3 c5 14. dxc5 Na6 15. cxb6 Bxf3 16. gxf3 Nc5 17. Bc2 axb6 18. 0-0 Ra6 19. Ra2 Qe7 20. f4 Qh4 21. Qf3 Kf7 22. Qg3 Qe7 23. Qh3 Rh8 24. Kh1 Qd8 25. Rg1 Qa8+ 26. Qg2 Qxg2+ 27. Kxg2 Rha8 28. a4 Nxa4 29. Rga1 Nc5 30. Rxa6 Rxa6 31. Rxa6 Nxa6 32. h4 Ke7 33. Kf3 d6 34. Ke3 dxe5 35. fxe5 g5 36. hxg5 hxg5 37. Ba4 Nc5 38. Bc6 Kf7 39. f3 f4+ 40. Kd4 Nb3+ 41. Kd3 Kg6 42. c5 Nxc5+ 43. Kc4 Kf5 44. Kb5 Kxe5 45. Kxb6 Kd6 46. c4 e5 47. Kb5 g4 0-1

[Event "American Continental 10th"]
[Site "Praia da Pipa"]
[Date "2014.10.20"]
[Round "4"]
[White "Pinto, Rafael Henrique"]
[Black "Martins, George Evandro Barr"]
[Result "1-0"]
[WhiteElo "2042"]
[BlackElo "2276"]
[PlyCount "69"]
[EventDate "2014.10.18"]
[EventType "swiss"]
[EventRounds "11"]
[EventCountry "BRA"]
[SourceTitle "EXT 2015"]
[Source "ChessBase"]
[SourceDate "2014.11.20"]
[SourceVersion "1"]
[SourceVersionDate "2014.11.20"]
[SourceQuality "1"]

1. d4 d5 2. c4 e6 3. Nf3 c5 4. cxd5 exd5 5. g3 Nc6 6. Nc3 Nf6 7. Bg2 Be7 8. 0-0 0-0 9. Bg5 c4 10. b3 cxb3 11. Qxb3 Na5 12. Qb5 a6 13. Qd3 Be6 14. Ne5 h6 15. Bd2 Nc4 16. f4 Nxd2 17. Qxd2 Bf5 18. Qb2 b5 19. Qb3 Be4 20. Nxe4 dxe4 21. Rfd1 Rc8 22. e3 Qc7 23. Bh3 Bd6 24. Bxc8 Qxc8 25. Kg2 h5 26. Rdc1 Qf5 27. Rc6 Bxe5 28. dxe5 Ng4 29. Rf1 Rd8 30. Rd6 Rxd6 31. exd6 Qc5 32. d7 Qc7 33. Rd1 Qd8 34. Qc3 Kf8 35. Qc5+ 1-0

[Event "Potiguar-ch"]
[Site "Natal"]
[Date "2014.08.23"]
[Round "7"]
[White "Pinheiro, Davi Sales"]
[Black "Pinto, Rafael Henrique"]
[Result "0-1"]
[WhiteElo "1988"]
[BlackElo "2063"]
[PlyCount "126"]
[EventDate "2014.08.15"]
[EventType "swiss"]
[EventRounds "9"]
[EventCountry "BRA"]
[SourceTitle "CBM 162 Extra"]
[Source "ChessBase"]
[SourceDate "2014.10.17"]
[SourceVersion "1"]
[SourceVersionDate "2014.10.17"]
[SourceQuality "1"]

1. d4 Nf6 2. c4 e6 3. Nc3 Bb4 4. Qc2 0-0 5. a3 Bxc3+ 6. Qxc3 b6 7. Bg5 Bb7 8. f3 d5 9. cxd5 exd5 10. Rc1 c6 11. e3 Nbd7 12. Bd3 Re8 13. Ne2 h6 14. Bh4 Qe7 15. Bf2 c5 16. 0-0 Rac8 17. Qd2 Qd6 18. Ng3 g6 19. Rfe1 Re7 20. Ne2 Rce8 21. Bb5 Qb8 22. Bg3 Qa8 23. Be5 Rc8 24. Bf4 Kh7 25. Bd6 Re6 26. Bg3 Bc6 27. Ba6 Rce8 28. Nf4 R6e7 29. Nd3 c4 30. Ne5 Nh5 31. Nxc6 Qxc6 32. Bf2 Nb8 33. Bxc4 dxc4 34. e4 b5 35. Be3 g5 36. d5 Qg6 37. Bc5 Rd7 38. Be3 Nc6 39. g4 Nf6 40. Qc3 Ne5 41. Bd4 Rde7 42. d6 Re6 43. Bxe5 Rxe5 44. Qa5 R8e6 45. Rcd1 h5 46. h3 h4 47. d7 Nxd7 48. Rxd7 a6 49. Qc7 Kg7 50. Red1 Qf6 51. Qd8 Qxf3 52. Rf1 Qg3+ 53. Kh1 Qxh3+ 54. Kg1 Qxg4+ 55. Kh1 Qxe4+ 56. Kg1 Qg4+ 57. Kh1 Rf5 58. Rdd1 Qh3+ 59. Kg1 Qe3+ 60. Kh1 Qe4+ 61. Kg1 Qe3+ 62. Kh1 Re4 63. Qd6 Qh3+ 0-1

[Event "Potiguar-ch"]
[Site "Natal"]
[Date "2014.08.17"]
[Round "5"]
[White "Dantas, Isaac Pereira"]
[Black "Pinto, Rafael Henrique"]
[Result "1/2-1/2"]
[WhiteElo "1603"]
[BlackElo "2063"]
[PlyCount "74"]
[EventDate "2014.08.15"]
[EventType "swiss"]
[EventRounds "9"]
[EventCountry "BRA"]
[SourceTitle "CBM 162 Extra"]
[Source "ChessBase"]
[SourceDate "2014.10.17"]
[SourceVersion "1"]
[SourceVersionDate "2014.10.17"]
[SourceQuality "1"]

1. d4 Nf6 2. Nf3 e6 3. c4 c5 4. Nc3 cxd4 5. Nxd4 a6 6. g3 Qc7 7. Qb3 Bc5 8. e3 d6 9. Bg2 Nbd7 10. Nf3 0-0 11. 0-0 Rb8 12. Qc2 Bb4 13. Ne2 b5 14. a3 Ba5 15. b4 Bb6 16. Nd2 Ne5 17. Bb2 Nxc4 18. Bxf6 gxf6 19. Rac1 d5 20. Nxc4 dxc4 21. Qc3 Qe5 22. Rcd1 Qxc3 23. Nxc3 Rd8 24. Rxd8+ Bxd8 25. Rd1 Be7 26. e4 Kf8 27. f4 Bb7 28. Kf2 Rd8 29. Rxd8+ Bxd8 30. Bf1 Bb6+ 31. Ke2 Bd4 32. Kd2 Ke7 33. a4 Bc6 34. axb5 axb5 35. Ne2 c3+ 36. Nxc3 Bxc3+ 37. Kxc3 Bxe4 1/2-1/2

[Event "Potiguar-ch"]
[Site "Natal"]
[Date "2014.08.17"]
[Round "4"]
[White "Pinto, Rafael Henrique"]
[Black "Queiroz, Matheus Erick Silva"]
[Result "1-0"]
[WhiteElo "2063"]
[BlackElo "1844"]
[PlyCount "89"]
[EventDate "2014.08.15"]
[EventType "swiss"]
[EventRounds "9"]
[EventCountry "BRA"]
[SourceTitle "CBM 162 Extra"]
[Source "ChessBase"]
[SourceDate "2014.10.17"]
[SourceVersion "1"]
[SourceVersionDate "2014.10.17"]
[SourceQuality "1"]

1. d4 d5 2. c4 c6 3. Nf3 Nf6 4. Qc2 e6 5. g3 Be7 6. Bg2 Nbd7 7. Nbd2 b6 8. 0-0 Bb7 9. e4 dxe4 10. Nxe4 c5 11. Nc3 cxd4 12. Nxd4 Bxg2 13. Kxg2 Ne5 14. Rd1 Qc8 15. b3 Qb7+ 16. f3 Bc5 17. Qe2 Nc6 18. Nxc6 Qxc6 19. Nd5 0-0-0 20. Nxf6 Rxd1 21. Qxd1 gxf6 22. Bb2 e5 23. Qe2 Rd8 24. Re1 Qd6 25. Qe4 Kb8 26. Bc3 Qd3 27. Qxd3 Rxd3 28. Rc1 Bd4 29. Bxd4 exd4 30. Rc2 Rd1 31. Kf2 d3 32. Rb2 d2 33. Ke3 Re1+ 34. Kxd2 Re6 35. Kd3 Kc7 36. Re2 Kd6 37. b4 a5 38. a3 f5 39. Rxe6+ fxe6 40. f4 e5 41. fxe5+ Kxe5 42. Ke3 h6 43. Kd3 h5 44. bxa5 bxa5 45. a4 1-0

[Event "Natal Potiguar op 3rd"]
[Site "Natal"]
[Date "2014.04.21"]
[Round "5"]
[White "Andrade, Roberto Luiz Costa"]
[Black "Pinto, Rafael Henrique"]
[Result "1-0"]
[WhiteElo "2199"]
[BlackElo "2038"]
[PlyCount "105"]
[EventDate "2014.04.18"]
[EventType "swiss"]
[EventRounds "5"]
[EventCountry "BRA"]
[SourceTitle "CBM 160 Extra"]
[Source "ChessBase"]
[SourceDate "2014.07.01"]
[SourceVersion "1"]
[SourceVersionDate "2014.07.01"]
[SourceQuality "1"]

1. e4 c5 2. Nf3 e6 3. d4 cxd4 4. Nxd4 Nc6 5. Nc3 Qc7 6. Be2 a6 7. 0-0 Nf6 8. Be3 Bb4 9. Na4 Be7 10. Nxc6 bxc6 11. Nb6 Rb8 12. Nxc8 Qxc8 13. e5 Nd5 14. Bc1 c5 15. c4 Nb4 16. b3 0-0 17. Bb2 Qc7 18. Re1 f6 19. Bf3 Nc6 20. Bxc6 Qxc6 21. Qd2 f5 22. Rad1 Rb7 23. f4 h6 24. Re3 Kh7 25. Qe2 g6 26. Bc3 Rf7 27. Red3 Rg7 28. Qf3 Qxf3 29. Rxf3 g5 30. fxg5 hxg5 31. Rfd3 Bd8 32. Kf2 Kg8 33. h3 Kf8 34. g4 f4 35. Kg2 Ke8 36. Kf3 Rh7 37. Ke4 a5 38. Be1 a4 39. Rb1 axb3 40. Rbxb3 Rxb3 41. Rxb3 Bc7 42. h4 gxh4 43. Rh3 f3 44. Rxh4 Rf7 45. Rh8+ Rf8 46. Rxf8+ Kxf8 47. Bg3 Ke8 48. Kxf3 Bd8 49. Bf2 Be7 50. Be3 Kd8 51. g5 Kc7 52. g6 Bf8 53. Bxc5 1-0

[Event "Natal Potiguar op 3rd"]
[Site "Natal"]
[Date "2014.04.19"]
[Round "3"]
[White "Rocha, Vitor Firmo de Souz"]
[Black "Pinto, Rafael Henrique"]
[Result "1-0"]
[WhiteElo "2014"]
[BlackElo "2038"]
[PlyCount "77"]
[EventDate "2014.04.18"]
[EventType "swiss"]
[EventRounds "5"]
[EventCountry "BRA"]
[SourceTitle "CBM 160 Extra"]
[Source "ChessBase"]
[SourceDate "2014.07.01"]
[SourceVersion "1"]
[SourceVersionDate "2014.07.01"]
[SourceQuality "1"]

1. e4 e5 2. Nf3 Nc6 3. Bb5 a6 4. Ba4 Nf6 5. 0-0 Be7 6. Re1 b5 7. Bb3 d6 8. c3 0-0 9. d4 Bg4 10. Be3 exd4 11. cxd4 d5 12. e5 Ne4 13. Nc3 Nxc3 14. bxc3 Qd7 15. h3 Bf5 16. Nh2 Na5 17. Bc2 Bxc2 18. Qxc2 Nc4 19. Ng4 f5 20. exf6 Bxf6 21. a4 bxa4 22. Rxa4 h5 23. Nh2 Be7 24. Ra2 Bd6 25. Qg6 Qf5 26. Qxf5 Bxh2+ 27. Kxh2 Rxf5 28. Bc1 Kf7 29. Rae2 Kg6 30. h4 a5 31. Bg5 a4 32. Re7 Rxf2 33. R1e6+ Kf5 34. Rc6 Rb2 35. Rf7+ Ke4 36. Rf3 Rb6 37. Rxc7 Re6 38. Rcf7 Rf6 39. Re7+ 1-0

[Event "Natal CBX zt"]
[Site "Natal"]
[Date "2014.02.23"]
[Round "5"]
[White "Jordao Barbosa, Marcio Ferre"]
[Black "Pinto, Rafael Henrique"]
[Result "1/2-1/2"]
[WhiteElo "1957"]
[BlackElo "2057"]
[PlyCount "98"]
[EventDate "2014.02.21"]
[EventType "swiss"]
[EventRounds "5"]
[EventCountry "BRA"]
[SourceTitle "CBM 159 Extra"]
[Source "ChessBase"]
[SourceDate "2014.04.24"]
[SourceVersion "1"]
[SourceVersionDate "2014.04.24"]
[SourceQuality "1"]

1. e4 c5 2. Nf3 Nc6 3. d4 cxd4 4. Nxd4 e5 5. Nb5 d6 6. N1c3 a6 7. Na3 Be7 8. Nc4 Rb8 9. Be2 Nf6 10. Bg5 Nd4 11. Ne3 b5 12. Bxf6 Bxf6 13. Bg4 Bb7 14. Ncd5 Bg5 15. c3 Ne6 16. Nf5 h5 17. Bf3 h4 18. Nb4 Be7 19. Qd2 a5 20. Nd5 Bf8 21. Rd1 g6 22. Nfe3 Ng5 23. Be2 Bc6 24. f3 Bh6 25. Qd3 Ne6 26. Ng4 Bg5 27. b4 0-0 28. g3 f5 29. Nge3 fxe4 30. Qxe4 Kg7 31. Bd3 Qe8 32. Bb1 axb4 33. cxb4 Bxe3 34. Qxe3 Nd4 35. Be4 Rxf3 36. Qg5 Bxd5 37. Bxd5 Re3+ 38. Kd2 Re2+ 39. Kd3 Ra8 40. Rhf1 Ra3+ 41. Bb3 Qe6 42. Rc1 Rxb3+ 43. axb3 Qxb3+ 44. Rc3 e4+ 45. Kxd4 Qxb4+ 46. Kd5 Qxc3 47. Qe7+ Kh6 48. Qxh4+ Kg7 49. Qe7+ Kh6 1/2-1/2

[Event "Natal CBX zt"]
[Site "Natal"]
[Date "2014.02.22"]
[Round "2"]
[White "Pinto, Rafael Henrique"]
[Black "Macedo, Alexandre Soares"]
[Result "1-0"]
[WhiteElo "2057"]
[BlackElo "1851"]
[PlyCount "109"]
[EventDate "2014.02.21"]
[EventType "swiss"]
[EventRounds "5"]
[EventCountry "BRA"]
[SourceTitle "CBM 159 Extra"]
[Source "ChessBase"]
[SourceDate "2014.04.24"]
[SourceVersion "1"]
[SourceVersionDate "2014.04.24"]
[SourceQuality "1"]

1. d4 d5 2. c4 e6 3. Nf3 Nf6 4. g3 b6 5. Bg2 Bb7 6. Ne5 Bd6 7. Qa4+ Nbd7 8. Nc6 Qc8 9. Nc3 dxc4 10. 0-0 a6 11. Qxc4 0-0 12. Bf4 Re8 13. Bxd6 cxd6 14. Ne7+ Rxe7 15. Qxc8+ Rxc8 16. Bxb7 Rc4 17. Bxa6 Rxd4 18. Rfc1 Nc5 19. Bb5 g6 20. Rc2 Nfe4 21. e3 Rd2 22. Rxd2 Nxd2 23. Rd1 Nce4 24. Nxe4 Nxe4 25. f3 Nf6 26. Rxd6 Rb7 27. Kf2 Kg7 28. Ke2 Rc7 29. Rc6 Rb7 30. Ba6 Rb8 31. Rc8 Rxc8 32. Bxc8 Kf8 33. Kd3 Ke7 34. Bb7 Kd6 35. Kc4 Ne8 36. Kb5 Kc7 37. Ba8 Nd6+ 38. Kb4 f6 39. Kc3 h5 40. a4 g5 41. b3 Nc8 42. Be4 f5 43. Bd3 Ne7 44. Bc4 e5 45. b4 Kd6 46. a5 bxa5 47. bxa5 Kc5 48. a6 Kb6 49. Kd3 Nc8 50. f4 exf4 51. exf4 gxf4 52. gxf4 h4 53. Kd4 Nd6 54. Bd3 Nf7 55. h3 1-0